Deep Trouble / (Record no. 3299)
[ view plain ]
| 000 -LEADER | |
|---|---|
| fixed length control field | 00768nam a22002417a 4500 |
| 001 - CONTROL NUMBER | |
| control field | 3299 |
| 003 - CONTROL NUMBER IDENTIFIER | |
| control field | FISKH |
| 005 - DATE AND TIME OF LATEST TRANSACTION | |
| control field | 20240226150333.0 |
| 008 - FIXED-LENGTH DATA ELEMENTS--GENERAL INFORMATION | |
| fixed length control field | 240226b cb ||||| |||| 00| 0 eng d |
| 040 ## - CATALOGING SOURCE | |
| Original cataloging agency | FISK |
| Language of cataloging | eng |
| Transcribing agency | FISK |
| Modifying agency | FISK |
| 050 ## - LIBRARY OF CONGRESS CALL NUMBER | |
| Classification number | PZ7.S86037 |
| 082 ## - DEWEY DECIMAL CLASSIFICATION NUMBER | |
| Classification number | 813.6 |
| 100 ## - MAIN ENTRY--PERSONAL NAME | |
| Personal name | Stine R.L : |
| Dates associated with a name | 1943 |
| 245 ## - TITLE STATEMENT | |
| Title | Deep Trouble / |
| Statement of responsibility, etc. | R.L Stine |
| 260 ## - PUBLICATION, DISTRIBUTION, ETC. | |
| Place of publication, distribution, etc. | New York : |
| Name of publisher, distributor, etc. | Scholastic, |
| Date of publication, distribution, etc. | 1994 |
| 300 ## - PHYSICAL DESCRIPTION | |
| Extent | 117 pages : |
| Other physical details | 20 cm : |
| 490 ## - SERIES STATEMENT | |
| Materials specified | Goosebumps |
| 501 ## - WITH NOTE | |
| With note | H |
| 520 ## - SUMMARY, ETC. | |
| Summary, etc. | While visiting his uncle, Dr. Deep, on a tiny Caribbean island, Billy goes exploring underwater, ignoring warnings to stay away from the coral reef, and is stalked by a half-human, half-fish predator. |
| 521 8# - TARGET AUDIENCE NOTE | |
| Target audience note | 470 |
| Source | H |
| 700 ## - ADDED ENTRY--PERSONAL NAME | |
| Personal name | R.L Stine |
| 942 ## - ADDED ENTRY ELEMENTS (KOHA) | |
| Source of classification or shelving scheme | Dewey Decimal Classification |
| Koha item type | Books |
| Suppress in OPAC | No |
| Withdrawn status | Lost status | Source of classification or shelving scheme | Damaged status | Not for loan | Collection | Home library | Current library | Shelving location | Date acquired | Total Checkouts | Full call number | Barcode | Date last seen | Date last checked out | Copy number | Price effective from | Koha item type |
|---|---|---|---|---|---|---|---|---|---|---|---|---|---|---|---|---|---|
| Dewey Decimal Classification | Fiction | Footprints International School Library Network Toul Kork Campus | Footprints International School Library Network Toul Kork Campus | 02/26/2024 | 1 | STI PZ7.S86037 813.6 | 2024-0104 | 04/10/2025 | 04/03/2025 | 1 | 02/26/2024 | Books | |||||
| Dewey Decimal Classification | Damaged | Fiction | Footprints International School Library Network Toul Kork Campus | Footprints International School Library Network Toul Kork Campus | 02/26/2024 | STI PZ7.S86037 813.6 | 2024-0105 | 02/26/2024 | 2 | 02/26/2024 | Books |
